000 00616nam a22002177a 4500
003 UA-OsUOA
001 42631
007 ta
008 20061113b un ||||| |||| 00| 0 ukr d
090 _a821 (100)
_bЕ 24
942 _cBK
040 _aUA-OsUOA
_brus
_cUA-OsUOA
_dUA-OsUOA
245 _aЕвропейская новелла Возрождения
300 _a649 с.
955 _a2
041 _arus
080 _a821 (100)
260 _aМ.
_b"Художественная литература"
_c1974
650 7 _a82 Література. Літературознавство
_2UDC
999 _c328770
_d328770